| 000 | 00645nam a2200181Ia 4500 | ||
|---|---|---|---|
| 008 | 100917s9999 xx 000 0 und d | ||
| 082 | _b45348 | ||
| 100 | _aकु लकर्णी गोपाल दत्त | ||
| 245 | _aतुम्ही पराक्रमाचे पुत्र | ||
| 260 |
_bसुरस ग्रंथमाला प्रकाशन _c1965 |
||
| 300 | _a161 | ||
| 365 | _b6 | ||
| 520 | _aकथा | ||
| 630 | _aतुम्ही पराक्रमाचे पुत्र | ||
| 650 | _aकथा | ||
| 730 | _aतुम्ही पराक्रमाचे पुत्र | ||
| 942 | _cBOOK | ||
| 999 |
_c650742 _d650739 |
||